Регионална библиотека "Любен Каравелов" - Русе

Някои проблеми и задачи във връзка с преустройството на духовната сфера (Запис номер 350393)

MARC детайли
000 -Лидер
Контролно поле с фиксирана дължина nam a22 a 4500
003 - Код на организацията, давaща контролен номер
Контролно поле BLK
005 - Дата и час на последна редакция
Контролно поле 20201007040659.0
008 - Елементи от данни с фиксирана дължина
fixed length control field 200401b bu ||||| |||| 00| 0 bu d
040 ## - Източник на каталожния запис
Идентификатор на билиотеката - собственик на записа BLK
041 ## - Код за език
Код за езика на текст/звукозапис или на отделно заглавие Български
Код за езика КДБФ Български
080 ## - УДК
Текстов определител УДК Комунистически партии. Вж и 327.323
УДК код - определител по УДК 329.15
УДК - код + определител 329.15+008(497.2)
080 ## - УДК
Текстов определител УДК Цивилизация. Култура. Прогрес. История на културата вж 930.85
УДК код - определител по УДК 008
УДК определител (497.2)
100 ## - Редна дума - Автор
Автор Живков, Тодор Христов
Авторска отговорност първи автор
R(LIN) 1299
139 ## - Редно поле
Редна дума Живков, Тодор Христов
Авторски знак Живк - Ж 48
245 ## - Сведения за заглавието
Заглавие Някои проблеми и задачи във връзка с преустройството на духовната сфера
Редно поле (дума) Съображения на Тодор Живков пред Политбюро на ЦК на БКП
257 ## - Страна на издаване
Страна на създаване/издаване България
260 ## - Област на издателските данни
9 (RLIN) 211414
Място на издаване, разпространение и проч. София
Име на издателя, разпространителя и проч. Партиздат
Година на издаване 1988
300 ## - Физическа характеристика
Страници 32 с.
Размери/Мащаб 20 см
380 ## - Жанр
Жанр Обществени науки
500 ## - Общи забележки
Забележка 25 110 тир. - Съдържа и За ускоряване на преустройството на духовната сфера : Решение на Политбюро на ЦК на БКП 27 март 1988 г.
650 #0 - Допълнително описание по предмет – тема
9 (RLIN) 313373
Основно описание – тема или топоним БКП - ръководна роля
852 ## - Местоположение
Форматна сигнатура Цб 152626
Фондова буква Хранилище
999 ## - СИСТЕМНИ КОНТРОЛНИ НОМЕРА
Koha biblionumber 350393
Koha biblioitemnumber 350393
942 ## - АРТИКУЛИ
Вид на библиотечния материал Книги
Скрит в OPAC Не
Периодичен библиозапис Да
944 ## - СЪЗДАВАНЕ И РЕДАКЦИЯ на ЗАПИСА
Служител, извършил регистрацията/редакцията Д. Г.
Наличности
Код за отписване Код за изгубен артикул Източник на класификационната схема Код за повреда Коз за рестрикции Код за отдаване Артикулен № Име на библиотеката - собственик Име на библиотеката, в която се намира в момента Статус (Текущо местоположение) Дата на вписване в системата Местоположение - отдел Цена в лева Инвентарен номер Систематично азбучна сигнатура Баркод Номер на екземпляра Цена в евро Служебна бележка Служебен тип на артикула
Изтеглен Не е изгубен Universal Decimal Classification Не е повреден без рестрикции заемане за дома 321000 Регионална библиотека "Любен Каравелов" Русе Регионална библиотека "Любен Каравелов" Русе Заемна - подръчен фонд 1988-01-01 Заемна - подръчен фонд 0.20 496606 П 329(497.2)/Ж 48 496606 2 0.10 N: стар фонд Дата: 01.01.1988 Книги
  Не е изгубен Universal Decimal Classification Не е повреден   ползва се в читалня 757383 Регионална библиотека "Любен Каравелов" Русе Регионална библиотека "Любен Каравелов" Русе Хранилище 2020-04-01 Хранилище 0.20 496287 Цб 152626 120000496287   0.10   Книги
Vip Innovations Ltd, Rousse, Bulgaria 2025